000 00676cam a2200241 4500
001 ABS68212
008 040910n2004 000 0 eng u
035 _a(Sirsi) u127315
245 _aFocus: out-of-town retail and factory outlets
260 _c2004
490 _aEstates Gazette
_v(0435) 28 August 2004, 37-47(7)
590 _aABS
590 _aABS
650 _aFACTORY OUTLETS
650 _aOUT OF TOWN RETAIL
650 _aPPS6
650 _aOCCUPIERS
650 _aPROPERTY-COMMERCIAL PROPERTY-RETAIL PROPERTY-RETAIL PROPERTY MARKET
650 _aRETAIL PLANNING
650 _aLOCAL AUTHORITIES
690 _aCOMMERCIAL PROPERTY-MARKET
942 _n0
999 _c117985
_d117985